| 000 | 00550nam a2200217 a 4500 | ||
|---|---|---|---|
| 001 | 0001-2208 | ||
| 003 | ELIB.Books | ||
| 008 | 190803 2010 eng | ||
| 020 | _a00704471642 | ||
| 092 |
_a305.23 _bMuu |
||
| 100 | _aMuuss, Rolf E. | ||
| 245 | _aAdolescent Behavior and Society | ||
| 260 |
_aNew York _bMcGraw-Hall _c1990 |
||
| 300 |
_a399 _c23.5cm |
||
| 650 | _aAdolescence | ||
| 856 |
_nKBTS Library _uKBTS Elib |
||
| 942 |
_2ddc _cBK |
||
| 990 | _a1 | ||
| 998 |
_aEnglishbooks.elf _ccat _e2019-08-03 |
||
| 999 |
_c12208 _d12208 |
||